Optimalizácia materiálového toku vo výrobnom systéme

Uložené v:
Podrobná bibliografia
Hlavný autor: Pšenka, Radoslav (Autor)
Ďalší autori: Duchoň, František (Vedúci práce)
Médium: Rukopis Kniha
Jazyk:Slovak
Vydavateľské údaje: Bratislava : STU v Bratislave FEI, 2022
Predmet:
On-line prístup:https://opac.crzp.sk/?fn=detailBiblioFormChildMVCUU&sid=378281AEB05FBF717137C4A6EBFA&seo=CRZP-detail-kniha
Tagy: Pridať tag
Žiadne tagy, Buďte prvý, kto otaguje tento záznam!

MARC

LEADER 00000ntm a22000003a 4500
001 stuzp87022
003 SK-STU
005 20230320111518.4
007 ta
008 150427s2015----xo-----f-mn---000-0-slo-d
040 |a STU  |b slo 
041 0 |a slo 
044 |a xo 
100 1 |a Pšenka, Radoslav  |u 031000  |4 aut  |U FEI Fakulta elektrotechniky a informatiky  |T FEI Ústav robotiky a kybernetiky  |X 104275  |U E011  |Y 356  |7 104275 
242 0 1 |a Optimization of Material Flow in Manufacturing Process  |y eng 
245 1 0 |a Optimalizácia materiálového toku vo výrobnom systéme 
260 |a Bratislava :  |b STU v Bratislave FEI,  |c 2022 
300 |a 61 s. 
650 4 |a materiálový tok  |2 slo 
650 4 |a výrobný systém  |2 slo 
650 4 |a optimalizácia  |2 slo 
650 4 |a virtuálne modelovanie  |2 slo 
650 4 |a material flow  |2 eng 
650 4 |a manufacturing process  |2 eng 
650 4 |a optimization  |2 eng 
650 4 |a virtual modeling  |2 eng 
700 1 |a Duchoň, František  |u 031000  |k Z1  |4 ths  |U FEI Fakulta elektrotechniky a informatiky  |T FEI Ústav robotiky a kybernetiky  |X 10329  |U E011  |Y 356  |7 A000010329 
856 4 |u https://opac.crzp.sk/?fn=detailBiblioFormChildMVCUU&sid=378281AEB05FBF717137C4A6EBFA&seo=CRZP-detail-kniha